|
|
|
|
| LEADER |
00000nab a2200000 ar4500 |
| 001 |
vtls008623426 |
| 003 |
SK-MaSNL |
| 005 |
20260426062948.0 |
| 008 |
060216c2005 xo qr|p|||||||000 b|slo |
| 015 |
|
|
|a SNBRB2006/02
|2 snkbucl
|
| 038 |
|
|
|a SNKBUCL
|
| 040 |
|
|
|a SNKBUCL
|b slo
|c SNKBUCL
|e AACR2
|
| 041 |
0 |
|
|a slo
|
| 044 |
|
|
|a xo
|c SK
|
| 080 |
|
|
|a 76.071.1:061.4
|2 1997
|
| 080 |
|
|
|a 75.071.1:061.4
|2 1997
|
| 100 |
1 |
|
|a Büngerová, Vladimíra,
|d 1974-
|4 aut
|9 102048
|
| 245 |
1 |
0 |
|a Kresby o kresbe
|c Vladimíra Büngerová
|
| 300 |
|
|
|b Fotogr.
|
| 500 |
|
|
|a Kurátor výstavy Daniela Čarná
|
| 600 |
1 |
7 |
|a Kalný, Igor,
|d 1957-1987
|2 snkbucl
|9 13789
|
| 610 |
2 |
7 |
|a Galéria mesta Bratislavy
|2 SNKKA
|9 32177
|
| 648 |
|
7 |
|a 2005
|2 snkbucl
|9 305506
|
| 648 |
|
7 |
|a 16.6.-31.7.2005
|2 snkbucl
|9 1284005
|
| 650 |
0 |
7 |
|a výstavy
|2 SNKPH
|9 2780
|
| 651 |
|
7 |
|a Bratislava (Slovensko)
|2 snkbucl
|9 14568
|
| 773 |
0 |
|
|t Profil
|g Roč. XII, č. 2 (2005), s. 96-103
|x 1335-9770
|
| 852 |
|
|
|a SNK
|b KIS3GCP
|
| 999 |
|
|
|c 2551237
|d 2553167
|